000 00677cam a22002417a 4500
001 000160
003 armpunfd
005 20140612090601.0
008 011019e1993####xx#a##########000#0#und#d
040 _aarmpunfd
_carmpunfd
080 _a347.51 D 3
100 1 0 _a Mosset Iturraspe, Jorge
245 1 0 _aDano y poteccion a la persona humana
260 _a Buenos Aires
_b La Rocca
_c1993
300 _a318 p.
650 7 _a Responsabilidad Civil
_2LEMB
650 7 _a Seguros De Responsabilidad Civil
_2LEMB
650 7 _a Seguros De Salud
_2LEMB
700 1 0 _aAndorno, Luis
700 1 0 _aCifuentes, Santos
942 _cLB
_2cdu
945 _aCatalis
_d2010-08-19
999 _c158
_d230662